Strategy , innovation, and change : challenge for management (Record no. 444798)

000 -LEADER
fixed length control field 00517cam a22001457a 4500
008 - FIXED-LENGTH DATA ELEMENTS--GENERAL INFORMATION
fixed length control field 180718b2008 xxu||||| |||| 00| 0 eng d
020 ## - INTERNATIONAL STANDARD BOOK NUMBER
International Standard Book Number 9780199239900
082 ## - DEWEY DECIMAL CLASSIFICATION NUMBER
Classification number I5 G131s
100 ## - MAIN ENTRY--PERSONAL NAME
Personal name Galavan, Robert, Murray, John and Markides, Costas
245 ## - TITLE STATEMENT
Title Strategy , innovation, and change : challenge for management
Statement of responsibility, etc. by Robert Galavan, John Murry and Costas Markides
260 ## - PUBLICATION, DISTRIBUTION, ETC.
Place of publication, distribution, etc. New York
Name of publisher, distributor, etc. Oxford
Date of publication, distribution, etc. 2008
300 ## - PHYSICAL DESCRIPTION
Extent 331p.
650 ## - SUBJECT ADDED ENTRY--TOPICAL TERM
Topical term or geographic name entry element Technological innovations -- Economic aspects
650 ## - SUBJECT ADDED ENTRY--TOPICAL TERM
Topical term or geographic name entry element Strategic planning
Holdings
Withdrawn status Lost status Damaged status Not for loan Permanent Location Current Location Date acquired Full call number Barcode Date last seen Price effective from Koha item type
        Indian Institute of Public Administration Indian Institute of Public Administration 2015-10-10 I5 G131s 86283 2018-07-21 2018-07-21 Book

Powered by Koha